| Tag |
First Indicator |
Second Indicator |
Subfields |
| LEADER |
00000cam a2200000 a 4500 |
| 001 |
in00001069246 |
| 005 |
20150929093010.0 |
| 008 |
841027s1984 txu l s00010 eng d |
| 035 |
|
|
|a (OCoLC)11318954
|
| 035 |
|
|
|9 AFM7551AM
|
| 040 |
|
|
|a IKM
|c IKM
|d UtOrBLW
|
| 049 |
|
|
|a IKMd
|
| 086 |
|
|
|a L2505.4 T312lol
|2 txdocs
|
| 099 |
|
9 |
|a L2505.4
|a T312lol
|
| 110 |
1 |
|
|a Texas.
|
| 240 |
1 |
0 |
|a Laws, etc. (Vernon).
|n Article 4590f-1
|
| 245 |
1 |
0 |
|a Low-level Radioactive Waste Disposal Authority Act :
|b Chapter 273, Acts of the 67th Legislature of the state of Texas, regular session, 1981 : Article 4590f-1, Vernon's Texas civil statutes.
|
| 264 |
|
1 |
|a [Austin] :
|b Texas Low-level Radioactive Waste Disposal Authority,
|c [1984?]
|
| 300 |
|
|
|a 18 pages ;
|c 28 cm.
|
| 336 |
|
|
|a text
|b txt
|2 rdacontent
|
| 337 |
|
|
|a unmediated
|b n
|2 rdamedia
|
| 338 |
|
|
|a volume
|b nc
|2 rdacarrier
|
| 500 |
|
|
|a Cover title: Texas Low-level Radioactive Waste Disposal Authority Act.
|
| 650 |
|
0 |
|a Radioactive waste disposal
|x Law and legislation
|z Texas.
|
| 650 |
|
0 |
|a Hazardous waste sites
|x Law and legislation
|z Texas.
|
| 650 |
|
0 |
|a Radioactive wastes
|x Law and legislation
|z Texas.
|
| 710 |
2 |
|
|a Texas Low-Level Radioactive Waste Disposal Authority.
|
| 740 |
0 |
|
|a Texas Low-level Radioactive Waste Disposal Authority Act.
|
| 999 |
|
|
|a MARS
|
| 999 |
f |
f |
|s a36ec338-174c-34d2-8a26-18b2dde59996
|i 1dacd010-287d-3fb1-9a37-88bdf7f32c24
|t 0
|
| 952 |
f |
f |
|p normal
|a Texas A&M University
|b College Station
|c Sterling C. Evans Library
|d Evans: Texas Documents (Annex 5th floor)
|t 0
|e L2505.4 T312lol
|h Superintendent of Documents classification
|i unmediated -- volume
|m A14815850297
|
| 998 |
f |
f |
|a L2505.4 T312lol
|t 0
|l Evans: Texas Documents (Annex 5th floor)
|